000 00676nam a2200289Ia 4500
005 20260324140422.0
008 008 260324s9999 xx 000 0 eng d
020 _a9780203500842
037 _aEBOOK
040 _aCRL
040 _beng
040 _cCRL
041 _2eng
041 _aeng
084 _qCRL
100 _aR.I. Mawby
_91204314
245 0 _aPolicing Across the World
245 0 _bIssues for the Twenty-First Century
260 _bTaylor and Francis
260 _c1999
365 _a
365 _b315
856 _uhttp://www.taylorfrancis.com/books/9780203500842
942 _cEBOOK
999 _c1806385
_d1806385